Catálogo
 En Linea

En busca del Monte Tina / (Registro nro. 31472)

Detalles MARC
000 -CABECERA
campo de control de longitud fija 00587nam a2200193 a 4500
001 - NÚMERO DE CONTROL
campo de control 000031981
005 - FECHA Y HORA DE LA ÚLTIMA TRANSACCIÓN
campo de control 20200930063330.0
008 - DATOS DE LONGITUD FIJA--INFORMACIÓN GENERAL
campo de control de longitud fija 110707s1930 dr 000 0 spa d
040 ## - FUENTE DE LA CATALOGACIÓN
Centro catalogador/agencia de origen DO-SdBNP
Lengua de catalogación spa
Centro/agencia transcriptor BNPHU
082 ## - NÚMERO DE LA CLASIFICACIÓN DECIMAL DEWEY
Número de clasificación xxxx
Número de documento/Ítem E36b
100 1# - ENTRADA PRINCIPAL--NOMBRE DE PERSONA
Nombre de persona Ekman, E. L.
Forma completa/desarrollada del nombre (Erik L. Ekman)
Fechas asociadas al nombre 1883-1931
9 (RLIN) 58142
245 10 - MENCIÓN DE TÍTULO
Título En busca del Monte Tina /
Mención de responsabilidad, etc. E. L. Ekman.
260 ## - PUBLICACIÓN, DISTRIBUCIÓN, ETC.
Lugar de publicación, distribución, etc. Santo Domingo :
Nombre del editor, distribuidor, etc. J. R. Vda. García,
Fecha de publicación, distribución, etc. 1930.
300 ## - DESCRIPCIÓN FÍSICA
Extensión 17 p. ;
Dimensiones 23 cm.
490 1# - MENCIÓN DE SERIE
Mención de serie Botánica
Designación de volumen o secuencia 15
590 ## - NOTA LOCAL (RLIN)
Nota local Inventariado, 2018/ YL
500 ## - NOTA GENERAL
Nota general Estación agronomica de Moca.
830 #0 - PUNTO DE ACCESO ADICIONAL DE SERIE-TÍTULO UNIFORME
Título uniforme Botánica
Número de parte o sección de la obra 15
9 (RLIN) 58143
Existencias
Estado de retiro Estado de pérdida Restricciones de uso No para préstamo Código de colección Localización permanente Ubicación/localización actual Ubicación en estantería Fecha de adquisición Número de inventario Total de préstamos Signatura topográfica completa Código de barras Fecha visto por última vez Precio válido a partir de Tipo de ítem Koha Número de copia Nota pública
      Excluido de préstamo Raros y valiosos Patrimonio Dominicano Patrimonio Dominicano En catalogación 07.07.2011 LF1   xxxx E36b 31981-10 25.06.2020 25.06.2020 No se presta    
      Excluido de préstamo Raros y valiosos Patrimonio Dominicano Patrimonio Dominicano En catalogación 31.08.2018 LF1   xxxx E36b 31981-20 25.06.2020 25.06.2020 No se presta e. 2 Perteneció a la biblioteca personal de Carlos Larrazábal Blanco.

Con tecnología Koha